| 000 -LEADER |
| fixed length control field |
00602cam a2200205 a 4500 |
| 020 ## - INTERNATIONAL STANDARD BOOK NUMBER |
| ISBN |
0070648441 (v. 1) |
| 020 ## - INTERNATIONAL STANDARD BOOK NUMBER |
| ISBN |
007064845X (v. 2) |
| 040 ## - CATALOGING SOURCE |
| Transcribing agency |
DLC |
| 082 00 - DEWEY DECIMAL CLASSIFICATION NUMBER |
| Classification number |
909 MCG 2000 A099 Or. |
| 245 00 - TITLE STATEMENT |
| Title |
Western societies : |
| Remainder of title |
a documentary history / |
| 250 ## - EDITION STATEMENT |
| Edition statement |
2nd ed. |
| 260 ## - PUBLICATION, DISTRIBUTION, ETC. (IMPRINT) |
| Place of publication |
Boston : |
| Name of publisher |
McGraw-Hill, |
| Year of publication |
c2000. |
| 300 ## - PHYSICAL DESCRIPTION |
| Number of Pages |
2 v. ; |
| Dimensions |
24 cm. |
| 650 #0 - SUBJECT ADDED ENTRY--TOPICAL TERM |
| Topical Term |
Civilization, Western |
| 700 1# - ADDED ENTRY--PERSONAL NAME |
| Personal name |
Tierney, Brian. |
| 700 1# - ADDED ENTRY--PERSONAL NAME |
| Personal name |
Scott, Joan. |
| 856 42 - ELECTRONIC LOCATION AND ACCESS |
| Uniform Resource Identifier |
http://www.loc.gov/catdir/description/mh023/99030725.html |
| 856 41 - ELECTRONIC LOCATION AND ACCESS |
| Uniform Resource Identifier |
http://www.loc.gov/catdir/toc/mh023/99030725.html |
| 942 ## - ADDED ENTRY ELEMENTS (KOHA) |
| Koha item type |
សៀវភៅភាសាអង់គ្លេស |
| 952 ## - LOCATION AND ITEM INFORMATION (KOHA) |
| Withdrawn status [LOCAL, KOHA] |
0 |